|
|
|
|
| LEADER |
01505nam a22002657a 4500 |
| 001 |
42914 |
| 003 |
BD-DhAAL |
| 005 |
20250408150632.0 |
| 008 |
240820t bg a|||| b||| 00| 0 eng d |
| 040 |
|
|
|a BD-DhAAL
|d BD-DhAAL
|
| 082 |
|
|
|a 338.095492
|2 22
|
| 245 |
|
|
|a Research reports,
|f (2010),
|b economic studies.
|n Volume XXVIII.
|
| 264 |
|
|
|a Dhaka :
|b Research and Evaluation Division, BRAC Centre,
|c 1997.
|
| 300 |
|
|
|a 336 pages :
|b illustrations ;
|c 30 cm.
|
| 362 |
|
|
|a Vol. 28
|
| 504 |
|
|
|a Includes bibliographical references
|
| 541 |
|
|
|a Complimentary copy from Research and Evaluation Division (RED), BRAC
|e 42914
|
| 610 |
|
|
|a BRAC.
|
| 651 |
|
|
|a Bangladesh
|x Economic condition.
|
| 710 |
|
|
|a BRAC,
|b Research and Evaluation Division.
|
| 852 |
|
|
|a Ayesha Abed Library
|c BRAC Resource Section
|
| 942 |
|
|
|2 ddc
|c BK
|
| 999 |
|
|
|c 46863
|d 46863
|
| 952 |
|
|
|0 0
|1 0
|2 ddc
|4 0
|6 338_095492000000000_RES
|7 1
|8 RPT
|9 76028
|a BRACUL
|b BRACUL
|c BRS
|d 2024-08-20
|e Complimentary copy from Research and Evaluation Division (RED), BRAC
|l 0
|o 338.095492 RES
|p 3010042914
|r 2024-08-20
|t 1
|w 2024-08-20
|y BK
|x Complimentary copy from Research and Evaluation Division (RED), BRAC ; price not available in register
|
| 952 |
|
|
|0 0
|1 0
|2 ddc
|4 0
|6 338_095492000000000_RES
|7 1
|8 RPT
|9 76029
|a BRACUL
|b BRACUL
|c BRS
|d 2024-08-20
|e Complimentary copy from Research and Evaluation Division (RED), BRAC
|l 0
|o 338.095492 RES
|p 3010042915
|r 2024-08-20
|t 2
|w 2024-08-20
|y BK
|x Complimentary copy from Research and Evaluation Division (RED), BRAC Price not available in register.
|